|
|
|
|
| LEADER |
00000nam2a2200000 4500 |
| 001 |
46046 |
| 005 |
20231031024315.0 |
| 010 |
|
|
|a 5922101560
|
| 035 |
|
|
|a (RuTPU)RU\TPU\book\47956
|
| 090 |
|
|
|a 46046
|
| 100 |
|
|
|a 20021219d2001 m y0rusy50 ca
|
| 101 |
0 |
|
|a rus
|
| 102 |
|
|
|a RU
|
| 105 |
|
|
|a a j 001zy
|
| 200 |
0 |
|
|a Т. 1
|
| 210 |
|
|
|d 2001
|
| 215 |
|
|
|a 680 с.
|c ил.
|
| 320 |
|
|
|a Алф. указ.: с. 671-679.
|
| 451 |
|
1 |
|0 (RuTPU)RU\TPU\book\123319
|y 5-9221-0436-5
|t Т. 1
|d 2006
|p 680 с.
|
| 451 |
|
1 |
|0 (RuTPU)RU\TPU\book\40388
|t Т. 1
|c М.
|n Наука
|d 1970
|p 607 с.
|
| 461 |
|
1 |
|0 (RuTPU)RU\TPU\book\48448
|y 5-9221-0155-2
|t Курс дифференциального и интегрального исчисления
|o учебник для вузов
|f Г. М. Фихтенгольц
|v Т. 1
|e 8-е изд.
|d 2001-2002
|
| 610 |
1 |
|
|a математика
|
| 610 |
1 |
|
|a дифференциальные исчисления
|
| 610 |
1 |
|
|a интегральное исчисление
|
| 610 |
1 |
|
|a вещественные числа
|
| 610 |
1 |
|
|a пределы
|
| 610 |
1 |
|
|a теория
|
| 610 |
1 |
|
|a функции одной переменной
|
| 610 |
1 |
|
|a производные
|
| 610 |
1 |
|
|a дифференциалы
|
| 610 |
1 |
|
|a функции нескольких переменных
|
| 610 |
1 |
|
|a учебники
|
| 675 |
|
|
|a 517.2(075.8)
|v 3
|
| 675 |
|
|
|a 517.3(075.8)
|v 3
|
| 801 |
|
1 |
|a RU
|b 63413507
|c 20021219
|g PSBO
|
| 801 |
|
2 |
|a RU
|b 63413507
|c 20210623
|g PSBO
|
| 900 |
|
|
|a Дифференциальное исчисление
|
| 900 |
|
|
|a Математический анализ
|
| 942 |
|
|
|c BK
|
| 952 |
|
|
|a 510400
|b 010000
|